Nghiên cứu giải pháp triển khai dịch vụ hội thảo trực tuyến đa điểm trên mạngbăng rộng Man-E : Luận Văn Thạc Sĩ Công Nghệ Thông Tin Chuyên Ngành Hệ thống Thông Tin

Đề tài đề cập đến giải pháp triển khai các dịch vụ mới khắc phục được những bất cập ở công nghệ mạng chuyển mạch SCN truyền thống không đáp ứng được

שמור ב:
מידע ביבליוגרפי
מחבר ראשי: Kim, Hồng Vi Phúc
פורמט: ספר
שפה:Undetermined
יצא לאור: Cần Thơ Trường Đại học Cần Thơ 2010
נושאים:
תגים: הוספת תג
אין תגיות, היה/י הראשונ/ה לתייג את הרשומה!
Thư viện lưu trữ: Trung tâm Học liệu Trường Đại học Cần Thơ
LEADER 01122nam a2200217Ia 4500
001 CTU_163150
008 210402s9999 xx 000 0 und d
082 |a 005.14 
082 |b Ph506 
088 |a 60480104 
100 |a Kim, Hồng Vi Phúc 
245 0 |a Nghiên cứu giải pháp triển khai dịch vụ hội thảo trực tuyến đa điểm trên mạngbăng rộng Man-E : 
245 0 |b Luận Văn Thạc Sĩ Công Nghệ Thông Tin Chuyên Ngành Hệ thống Thông Tin 
245 0 |c Kim Hồng Vi Phúc ; Ngô Bá Hùng (Hướng dẫn Khoa học) 
260 |a Cần Thơ 
260 |b Trường Đại học Cần Thơ 
260 |c 2010 
520 |a Đề tài đề cập đến giải pháp triển khai các dịch vụ mới khắc phục được những bất cập ở công nghệ mạng chuyển mạch SCN truyền thống không đáp ứng được 
650 |a Mạng máy tính,Computer network 
904 |i THOA, Hải 
980 |a Trung tâm Học liệu Trường Đại học Cần Thơ